LEADER 01137nam a2200229 i 4500 001 000000240483 003 CaOOAMICUS 005 20150331000000.0 008 150331s1968 it u000 u ita u 013 $a219388 040 $aSeMil$bita 245 13$aLa disciplina dei licenziamenti nell'industria italiana (1950-1964) /$cGruppi di Studio sulla Formazione Extra-Legislativa del Diritto del Lavoro Università di Bari e Bologna. 260 $aBologna :$bIl Mulino,$ccopyr. 1968. 300 $a235 p. ;$c21 cm. 490 0 $aProblemi della società italiana ;$v28. 500 $aContiene : Appendici. 710 2 $aUniversità degli Studi "Aldo Moro" : Gruppi di studio extra-legislativa del diritto del lavoro.$0(OLS)http://semarc/name/81537 830 0$aProblemi della società italiana ;$v28.$0(OLS)http://semarc/title/6893 850 $aSeMil 852 $aSeMil$W1$xVenegono$y1$m3N III 242$j190829$B190829$CSeMilBibl$Z2$F201668 $81 996 $6245$aLa disciplina dei licenziamenti nell'industria italiana (1950-1964)$9(OLS)http://semarc/title/342011 996 $6260$aBologna :$bIl Mulino$9(OLS)http://semarc/publisher/29842 LEADER 00918nam a2200217 i 4500 001 000000020727 003 CaOOAMICUS 005 20180830125445.0 008 180830s1962 it u000 u ita u 040 $aSeMil$bita 100 1 $aSeneca, Lucius Anneus,$d<4 a.C.-65 d.C.>.$0(OLS)http://semarc/name/764 245 10$aLettere a Lucilio /$cLucio Anneo Seneca ; testo latino e versione di Balbino Giuliano. 260 $aBologna :$bZanichelli,$c1962. 300 $av. ;$c20 cm. 700 1 $aGiuliano, Balbino <1878-1958>.$0(OLS)http://semarc/name/9275 773 0 $tProsatori di Roma.$dBologna : N. Zanichelli $w()3426 774 0 $tLibri 1.-6.$kProsatori di Roma$w()177673 774 0 $tLibri 15.-20.$kProsatori di Roma$w()177674 774 0 $tLibri 7.-14.$kProsatori di Roma$w()177675 996 $6245$aLettere a Lucilio$9(OLS)http://semarc/title/27338 996 $6260$aBologna :$bZanichelli$9(OLS)http://semarc/publisher/29934